000
00313nam a22001337a 4500
008
180226b xxu||||| |||| 00| 0 eng d
020
_a
1928896197
041
_a
eng
080
_a
376.9
100
_a
25
101
_a
EDU
245
_a
RELATIONSNSHIP THE HEART OF QUALITY CARE
_c
AMY.C.B
942
_2
udc
_c
BK
999
_c
43517
_d
43517